Business crisis and ratio indicators

Podnik je živý organizmus a krízu je možné predpokladať niekoľko mesiacov alebo rokov pred samotným vznikom. Ekonómovia sa snažia predvídať vznik krízy vo firme už v latentnom štádiu. Prognostické modely kríz v Českej republike a Slovenskej republike.

Enregistré dans:
Détails bibliographiques
Auteur principal: Sedláková, Iveta
Format: Chapitre de livre
Langue:anglais
Sujets:
Tags: Ajouter un tag
Pas de tags, Soyez le premier à ajouter un tag!

MARC

LEADER 00000naa$a2200000$$$4500
001 0213697
005 20240502073552.1
041 0 |a eng 
044 |a SK 
245 1 0 |a Business crisis and ratio indicators  |c Iveta Sedláková 
520 |a Podnik je živý organizmus a krízu je možné predpokladať niekoľko mesiacov alebo rokov pred samotným vznikom. Ekonómovia sa snažia predvídať vznik krízy vo firme už v latentnom štádiu. Prognostické modely kríz v Českej republike a Slovenskej republike. 
610 2 0 |a cyklus podniku životný 
610 2 0 |a kríza podniku 
610 2 0 |a diagnostika podniková 
610 2 0 |a bankrot 
610 2 0 |a prognózy podnikové 
610 2 0 |a ukazovatele pomerové 
610 2 0 |a modely prognostické 
100 1 |a Sedláková, Iveta